Statistiques concernant Pays les plus éloignés de Paris

Cliquez ici pour prendre le quiz!

Statistiques générales

  • Ce quiz a été pris 11 504 fois
  • Le résultat moyen est 12 sur 20

Statistiques - réponses

Distance (km)Pays% Correct
11 320Australie
98%
15 506Nouvelle-Zélande
92%
10 202Chili
76%
15 940Fidji
72%
13 549Papouasie-Nouvelle-Guinée
65%
16 309Tonga
65%
15 174Tuvalu
63%
16 047Samoa
62%
12 829Îles Marshall
61%
12 211États Fédérés de Micronésie
60%
15 780Vanuatu
60%
10 210Philippines
59%
14 715Îles Salomon
57%
14 440Nauru
57%
13 829Kiribati
56%
12 159Palaos
52%
10 713Singapour
50%
13 076Timor Oriental
49%
11 177Brunei
43%
10 555Uruguay
43%

Distribution des résultats

Percentile par nombre de réponses

% des personnes avec chaque résultat

Votre développement - résultats

Vous n’avez pas pris ce quiz